000 00581nam a2200217Ia 4500
003 OSt
005 20220928141831.0
006 a|||||r|||| 00| 0
007 ta
008 220927b |||||||| |||| 00| 0 eng d
024 _a17969
037 _cTextual
040 _aSDCL
_cSDCL
_beng
041 _2eng
_aeng
082 _aP15,301, K1
100 _aPalsule Gajanan BalKrishna
_9502412
245 0 _aSanskrit dhatupathas
_b A critical study.
260 _c1961
942 _hP15,301, K1
_cTEXL
_2CC
999 _c820243
_d820243